00875nam a22002657a 450000500170000001000110001702000100002803500110003803700160004904000120006508200130007710000270009024500970011726000480021427000140026230000240027650000200030065000210032065000310034170000320037270000310040494200220043599900190045795201330047620170124110031.0 a039690 c00.00 a039690 bCen Lib/Ret aDPLbEN a373bDEB aDeboer, John J.921799 aTeaching secondary english /cby John J. Deboer, Walter V. Kaulfers [and] Helen Rand Miller  aNew York bMcGraw Hill Book Company c1951  bNew York  axiii, 427c21cm(Hb) aIncludes index  a Education91169 aTeaching of english921800 aKaulfers, Walter V. 921754 aMiller, Helen Rand 921773 2ddccENh373mDEB c127876d127876 00104070aLbLd2015-06-30eCen Lib/Retg0.00l4m2o373 DEBp039690r2019-08-10 00:00:00s2019-07-16t1v0.00w2015-06-30yEN